00484cam a22001692 4500001001100000005001700011008004100028020001700069040001500086100003300101245005100134250001300185260003500198300001700233650006100250852000300311000001871320151217154420.0100609s xx 000 0 eng d a8175346697 : aKABUcKABU1 aKafaltiya, A. B.@000017803710aInterpretation of statutes /cA. B. Kafaltiya. a1st ed. aDelhi :bUniversal Law,c2008. aciv, 432 p. 0aLawxInterpretation and constructionzIndia.@00001780381